00606nam a2200205 a 450000100060000000300080000600500170001400800410003103500190007204000270009104100080011808200220012610000480014824500560019626000450025230000210029750000200031865000230033865000390036163564BD-RjUL20211209081218.0170131r19671933nyu 001 0 eng  a(BD-RjUL)63693 aDLCcDLCdBD-RjULbeng aeng00a809223bLEA 19671 aLeavis, F. R.q(Frank Raymond),d1895-1978.10aAnna Karenina, and other essays /cby F. R. Leavis. aNew York :bPantheon Books,c1933, c1967 a248 p. ;c22 cm. aIncludes index. 0aEnglish literature 0aLiteraturexHistory and criticism.